Empresa privada

Збережено в:
Бібліографічні деталі
Автори: Durán Villarreal, Fernando (autor), Silva Vargas, Fernando (Автор), Pérez de Arce, Hermógenes (Автор), Cáceres Contreras, Carlos Francisco (Автор), Ibáñez Ojeda, Pedro (Автор), Sanfuentes V., Emilio (Автор), Claro Valdés, Ricardo (Автор), Prieto S., Patricio (Автор)
Інші автори: Ibáñez Santa María, Gonzalo (autor), Huneeus Cox, Pablo (autor), Orrego Vicuña, Francisco (autor)
Формат: Книга
Мова:Іспанська
Опубліковано: Santiago Universitaria 1980
Предмети:
Теги: Додати тег
Немає тегів, Будьте першим, хто поставить тег для цього запису!

MARC

LEADER 00000nam a2200000 a 4500
001 UCZ6263
003 CL-VaPUC
008 951205e19800000CL |||||||||||||||||spa|d
082 0 4 |a 338.61  |b DUR  |2 21 
100 |a Durán Villarreal, Fernando  |e autor  |9 886084 
700 0 |a Silva Vargas, Fernando  |e author  |9 350497 
700 0 |a Pérez de Arce, Hermógenes  |e author  |9 350498 
700 |a Ibáñez Santa María, Gonzalo  |e autor  |9 617146 
700 0 |a Cáceres Contreras, Carlos Francisco  |e author  |9 350500 
700 |a Ibáñez Ojeda, Pedro  |e author  |9 616437 
700 |a Huneeus Cox, Pablo  |e autor  |9 588797 
700 0 |a Sanfuentes V., Emilio  |e author  |9 350503 
700 |a Orrego Vicuña, Francisco  |e autor  |9 452093 
700 0 |a Claro Valdés, Ricardo  |e author  |9 350505 
700 0 |a Prieto S., Patricio  |e author  |9 350506 
245 1 0 |a Empresa privada 
300 |a 284 p 
942 |c BK 
945 |d 19951205 00:00:00  |a rleighto 
260 |a Santiago  |b Universitaria  |c 1980 
650 0 |a Empresa  |9 350507 
650 7 |a EMPRESAS PRIVADAS  |2 CL-VaPUC  |9 314122 
650 0 |a Multinacionales  |9 256382 
650 0 |a Economía   |9 255568 
650 7 |a EMPRESARIOS  |2 CL-VaPUC  |9 315086 
583 |a last modification  |c 19951205 00:00:00  |k Rodrigo Vera 
999 |c 242486  |d 242484 
952 |0 0  |1 0  |4 0  |6 338_610000000000000_DUR_1980  |7 0  |8 A  |9 255494  |a BIBGIM  |b BIBGIM  |d 2019-11-19  |i 3158357  |o 338.61 DUR 1980  |p 3158357  |r 2025-01-15  |w 2019-11-19  |y BK  |k COM 
952 |0 0  |1 0  |4 0  |6 338_610000000000000_DUR_1980  |7 0  |8 A  |9 255495  |a BIBENE  |b BIBENE  |d 2019-11-19  |i 1408372  |o 338.61 DUR 1980  |p 1408372  |r 2025-01-15  |w 2019-11-19  |y BK  |k ICO